ბათუმის შოთა რუსთაველის სახელმწიფო უნივერსიტეტის ბიბლიოთეკა

ჭრელი საბურველი : [რომანი] =THE PAINTED VEIL / (ბიბ.ჩანაწერი № 54941)

000 -ლიდერი
ფიქსირებული სიგრძის საკონტროლო ველი 01729nam a2200265Ia 4500
001 - საკონტროლო ნომერი
საკონტროლო ველი 22012
003 - საკონტროლო ნომრის იდენტიფიკატორი
საკონტროლო ველი GE_BSU
005 - ბოლო ოპერაციის თარიღი და დრო
საკონტროლო ველი 20220926152207.0
008 - ფიქსირებული სიგრძის მონაცემთა ელემენტები - ზოგადი ინფორმაცია
ფიქსირებული სიგრძის საკონტროლო ველი 181216s ||||ge |||||||||||||| ||geo||
040 ## - კატალოგიზაციის წყარო
Transcribing agency GE_BSU
041 ## - ენის კოდი
Language code of text/sound track or separate title geo
080 ## - უნივერსალური ათობითი კლასიფიკაციის ინდექსი
Universal Decimal Classification number 821.111-31 მ-80
100 ## - მთავარი ჩანაწერი - პიროვნების სახელი
Personal name მოემი, უილიამ სომერსეტ
9 (RLIN) 14812
245 ## - ცნობა სათაურის შესახებ
Title ჭრელი საბურველი : [რომანი] =THE PAINTED VEIL /
Statement of responsibility, etc უილიამ სომერსეტ მოემი ; ინგლ. თარგმნა ლალი გოგაძემ ; რედ. ლ. ხუციშვილი.
264 ## - წარმოების, გამოცემის, დისტრიბუციის და სხვა ცნობები
გამოცემის, წარმოების, დისტრიბუციის... ადგილი ბათუმი :
გამოცემის, წარმოების, დისტრიბუციის... სახელწოდება საბჭოთა აჭარა,
გამოცემის, წარმოების, დისტრიბუციის... თარიღი 1987.
300 ## - ფიზიკური აღწერა
Extent 228 გვ. ;
Dimensions 20 სმ.
490 ## - სერიის ცნობა
Series statement საქართველოს მწერალთა კავშირთან არსებული მხატვრული თარგმნისა და ლიტერატურის ურთიერთობათა მთავარი სარედაქციო კოლეგია ურთიერთ. მთ. სარედ. კოლეგია.
653 ## - INDEX TERM--UNCONTROLLED
Uncontrolled term მხატვრული ლიტერატურა
653 ## - INDEX TERM--UNCONTROLLED
Uncontrolled term რომანში ასახულია ინგლისის ბურჟუაზიული საზოგადოების ობივატელური ყოფა
653 ## - INDEX TERM--UNCONTROLLED
Uncontrolled term ჭრელი საბურველი
700 ## - ADDED ENTRY--PERSONAL NAME
Personal name გოგაძე, ლალი
Relator term მთარგმნელი
9 (RLIN) 14813
700 ## - ADDED ENTRY--PERSONAL NAME
Personal name ხუციშვილი, ლ.
Relator term რედაქტორი
9 (RLIN) 5975
942 ## - ADDED ENTRY ELEMENTS (KOHA)
Koha item type წიგნი
Source of classification or shelving scheme
ეგზემპლარები
ჩამოწერის სტატუსი დაკარგული ეგზემპლარის სტატუსი კლასიფიკაციის წყარო ან თაროზე გაწყობის სქემა დაზიანების სტატუსი არ გაიცემა მუდმივი მდებარეობა (დაცვის ადგილი) ამჟამინდელი ადგილსამყოფელი თაროზე განთავსების ადგილი შეძენის თარიღი ღირებულება, შესყიდვის ნორმალური ფასი სრული შენახვის შიფრი შტრიხკოდი ბოლო ოპერაციის თარიღი ეგზემპლარის მიმდევრობითი ნომერი (კეტერი?) ფასის ძალაში შესვლის თარიღი ეგზემპლარის სახეობა საჯარო შენიშვნა
          ბათუმის შოთა რუსთაველის სახელმწიფო უნივერსიტეტის მთავარი ბიბლიოთეკა ბათუმის შოთა რუსთაველის სახელმწიფო უნივერსიტეტის მთავარი ბიბლიოთეკა წიგნსაცავი 2018-12-17 5.00 821.111-31 მ-80 56740 2018-12-17 56740 2018-12-17 წიგნი 5.00 ₾.